South American Country Bullet - Statistics

General Stats
  • This quiz has been taken 8 times
  • The average score is 11 of 12
Answer Stats
Answer % Correct
Argentina
100%
Bolivia
100%
Chile
100%
Colombia
100%
Uruguay
100%
Venezuela
100%
Brazil
88%
Ecuador
88%
Paraguay
88%
Peru
88%
Suriname
88%
Guyana
75%
No matching quizzes found
Score Distribution
Percent of People with Each Score
Percentile by Number Answered
Your Score History
You have not taken this quiz